Statistics for All Eyes On Me - Bo Burnham - All Lyrics

Click here to take the quiz!

General Stats

  • This quiz has been taken 35 times
  • The average score is 357 of 398

Answer Stats

Answer% Correct
a
100%
All
100%
all
100%
Ayy,
100%
fuck
100%
fuckin'
100%
Get
100%
get
100%
I
100%
of
100%
oh
100%
on
100%
on,
100%
up,
100%
up
100%
you,
100%
You
100%
you
100%
your
100%
eye
97%
eyes
97%
hands
97%
me
97%
me,
97%
out
97%
seat
97%
come
90%
Come
90%
it?
90%
it,
90%
it
90%
the
90%
be
87%
fine
87%
go
87%
in,
87%
in
87%
it's
87%
It’s
87%
knows,
87%
knows
87%
scared,
87%
shit
87%
water's
87%
almost
83%
Are
83%
begun
83%
don't
83%
Don’t
83%
feeling
83%
give
83%
goin'
83%
just
83%
look
83%
my
83%
ocean's
83%
over,
83%
rising
83%
say
83%
shy
83%
You’re
83%
everybody,
80%
everybody
80%
Everybody
80%
gonna
80%
like
80%
nervous?
80%
not
80%
seats
80%
to
80%
where
80%
already
77%
did
77%
ending,
77%
fun?
77%
having
77%
honey,
77%
inside
77%
now,
77%
now
77%
this,
77%
world's
77%
Good,
73%
Heaven
73%
tried
73%
We’re
73%
We're
73%
whole
73%
Got
70%
overthink
70%
Hey,
67%
slow
67%
yeah,
67%
yeah
67%
down,
60%
down
60%
for
60%
I’m
60%
pray
53%
said
53%
talkin'
50%
Heads
47%
heads
47%

Score Distribution

Percentile by Number Answered

Percent of People with Each Score

Your Score History

You have not taken this quiz